000 00999cam a2200277 a 4500
001 13164445
003 OSt
005 20240424141326.0
008 030416s2004 njua b 001 0 eng
010 _a 2003051262
020 _a0130652458
040 _aDLC
_cDLC
_dDLC
050 0 0 _aQA371
_b.E28 2004
082 0 0 _a515.35 EDW 2004
100 1 _aEdwards, C. Henry; Penney, David E.
_9766
245 1 0 _aDifferential Equations and Boundary Value Problems:
_bcomputing and modeling
250 _a3rd ed.
260 _aUpper Saddle River, NJ :
_bPearson Education,
_cc2004.
300 _axv, 787, 7 p. :
_bcol. ill. ;
_c27 cm.
504 _aIncludes bibliographical references (p. 711-713) and index.
650 0 _aDifferential equations.
_9751
650 0 _aBoundary value
_915806
906 _a7
_bcbc
_corignew
_d1
_eocip
_f20
_gy-gencatlg
942 _2ddc
_cO_SHELF
999 _c7751
_d7751